00369nam a22001337a 450000500170000000800410001704100130005808200120007110000130008324500360009626000480013230000290018065000260020920240724065310.0240724b |||||||| |||| 00| 0 eng d aEnglish  a349 SOU lEnglish  aThe South African Law Reports : aCape Town : bJuta and Company Ltd, c1911  bxi, 336 pages; c25 cm.  aLegal practice bLaw